| 000 | 00702nam a2200217Ii 4500 | ||
|---|---|---|---|
| 003 | JO-AjNU | ||
| 008 | 230605s9999||||xx |||||||||||||| ||und|| | ||
| 017 | _a1992/2/81 | ||
| 040 |
_aJO-AjNU _bara _erda _cJO-AjNU |
||
| 041 | _aara | ||
| 050 | 1 | 4 | _aBF637.N4.M8292.2000 |
| 100 | 3 |
_aمعلا،ناجي, _eauthor _933087 |
|
| 245 | 0 | 0 | _aالتفاوض:الإستراتيجية والأساليب مدخل في الحوار الإقناعي |
| 250 | _aط2 | ||
| 264 | 3 | 1 | _aعمان:المؤلف،2000 |
| 300 | _a210ص | ||
| 336 |
_atext _btxt _2rdacontent |
||
| 337 |
_aunmediated _bn _2rdamedia |
||
| 338 |
_avolume _bnc _2rdacarrier |
||
| 650 | 4 |
_aتفاوض-الادارة التنفيذية _933088 |
|
| 999 |
_aA13430 _c16998 _d16998 |
||